| 000 | 00602nam a22001937a 4500 | ||
|---|---|---|---|
| 999 |
_c7190 _d7190 |
||
| 003 | GBCCL | ||
| 005 | 20241126110622.0 | ||
| 008 | 180718b ||||| |||| 00| 0 eng d | ||
| 020 | _a0830715673 | ||
| 040 | _cgbc | ||
| 082 |
_a268.432 _bBIB |
||
| 245 |
_aMy Bible friends / _cEdited by Lynnette Pennings |
||
| 300 |
_a248 p.; _bill., _c28 cm. |
||
| 500 | _aFor use in Churchtime, Midweek, Evening or Day School Ministries with Young Children (Ages 2-5) | ||
| 501 | _aLeader's Guide | ||
| 650 |
_aBible Stories, English _91346 |
||
| 650 |
_aBible Stories _xJuvenile literature _912720 |
||
| 942 |
_2ddc _cBK |
||